Představuje lidský kapitál konkurenční výhodu České republiky?

Vymedzenie pojmu ľudský kapitál. Proces jeho tvorby a faktory, ktoré ovplyvňujú zmeny v nárokoch na ľudský kapitál. Meranie ľudského kapitálu. Fexibilita ľudských zdrojov. Analýza ľudských zdrojov v ČR.

Gespeichert in:
Bibliographische Detailangaben
1. Verfasser: Matoušková, Zdeňka
Format: Buchkapitel
Sprache:Tschechisch
Schlagworte:
Tags: Tag hinzufügen
Keine Tags, Fügen Sie das erste Tag hinzu!

MARC

LEADER 00000naa$a2200000$$$4500
001 0059203
005 20231019131136.0
041 0 |a cze 
044 |a CZ 
245 1 0 |a Představuje lidský kapitál konkurenční výhodu České republiky?  |c Zdeňka Matoušková 
520 |a Vymedzenie pojmu ľudský kapitál. Proces jeho tvorby a faktory, ktoré ovplyvňujú zmeny v nárokoch na ľudský kapitál. Meranie ľudského kapitálu. Fexibilita ľudských zdrojov. Analýza ľudských zdrojov v ČR. 
610 2 0 |a Česko 
610 2 0 |a údaje štatistické 
610 2 0 |a výhody konkurenčné 
610 2 0 |a kapitál ľudský 
610 2 0 |a zdroje ľudské 
100 1 |a Matoušková, Zdeňka